01131nam a2200241Ia 4500003000900000008004100009020002200050040001600072080002200088111008000110245026500190260004800455300001400503490005900517650002900576650003100605700002900636700003000665700003000695942000700725999001700732952014000749IN-BaIIA211028s9999 xx 000 0 eng d a978-0-521-89784-6 cIIA Library a523.4(082.1)bDEC aSpace Telescope Science Institute SymposiumcMarylandd2008 May 2- 5931987 2aA decade of extrasolar planets around normal starsbproceedings of the space telescope science institute symposium, held in Baltimore, Maryland, May 2- 5 , 2008cedited by Mario Livio, Kailash Sahu and Jeff Valenti  aCambridgebCambridge University Pressc2008 axi, 183p. aSpace telescope science institute symposium series; 19 aExtrasolar planets93586 aPlanetory migration931988 aLivio, Mario, ed.913149 aSahu, Kailash, ed.925020 aValenti, Jeff, ed.931989 cBK c17023d17023 00104070aBANbBANcGENd2008-08-25eVIS g5728.80l0o523.4(082.1)/ DECp17945r2021-11-05v5728.80w2008-08-25yBKGRs. 5728.80